| 000 | 00000nam##2200000za#4500 |
| 001 | 9.601659 |
| 003 | CaOODSP |
| 005 | 20210624210158 |
| 007 | cr ||||||||||| |
| 008 | 150406|2002||||xxc|||||o f|0| 0 fre|d |
| 040 | |aCaOODSP|bfre |
| 043 | |an-cn--- |
| 086 | 1 |aYC13-0/371-14F-PDF |
| 110 | 1 |aCanada. |bParlement. |bSénat. |bComité sénatorial permanent des finances nationales. |
| 245 | 10|aL'efficacité et les améliorations possibles de la politique actuelle de péréquation : |h[ressource électronique]|brapport / |cL'honorable Lowell Murray, C.P., président ; l'honorable Anne C. Cools, vice-présidente. |
| 260 | |aOttawa - Ontario : |bSénat. |cMars 2002. |
| 300 | |a52p.|bréférences, tableaux |
| 490 | 1 |aRapport du Comité sénatorial permanent des Finances nationales|v[37e législature, 1re session, 14e rapport] |
| 590 | |a11-12-Supp|b2011-07-29 |
| 775 | 08|tThe effectiveness of and possible improvements to the present equalization policy : |w(CaOODSP)9.571016 |
| 830 | #0|aRapport du Comité sénatorial permanent des finances nationales ;|v[37e législature, 1re session, 14e rapport]|w(CaOODSP)9.502807 |
| 856 | 40|ahttp://publications.gc.ca|qPDF|s439 Ko|uhttps://publications.gc.ca/collections/collection_2011/sen/yc13-0/YC13-0-371-14-fra.pdf|y[37e législature, 1re session, 14e rapport] |